| Tag |
First Indicator |
Second Indicator |
Subfields |
| LEADER |
00000cam a2200000 a 4500 |
| 001 |
in00001237681 |
| 005 |
20160226115710.0 |
| 008 |
841029s1983 sp ac b 000 0 spa d |
| 020 |
|
|
|a 8473200519 (pbk)
|
| 035 |
|
|
|a (OCoLC)11321949
|
| 035 |
|
|
|9 AGT5298AM
|
| 040 |
|
|
|a GZM
|c GZM
|d OCL
|d TXA
|d UtOrBLW
|
| 049 |
|
|
|a TXAM
|
| 090 |
|
|
|a PQ6391
|b .A1 1983
|
| 100 |
1 |
|
|a Vega, Garcilaso de la,
|d 1503-1536.
|
| 240 |
1 |
0 |
|a Poems.
|f 1983
|
| 245 |
1 |
0 |
|a Poesías completas /
|c Garcilaso de la Vega ; edición de José E. Martinez Fernández.
|
| 264 |
|
1 |
|a Tarragona :
|b Ediciones Tárraco,
|c 1983.
|
| 300 |
|
|
|a 239 pages :
|b illustrations, portrait ;
|c 19 cm.
|
| 336 |
|
|
|a text
|b txt
|2 rdacontent
|
| 337 |
|
|
|a unmediated
|b n
|2 rdamedia
|
| 338 |
|
|
|a volume
|b nc
|2 rdacarrier
|
| 490 |
0 |
|
|a Colección Arbolí. Didacta ;
|v 17
|
| 504 |
|
|
|a Bibliography: pages 60-63.
|
| 700 |
1 |
|
|a Martínez, José Enrique,
|d 1947-
|
| 999 |
|
|
|a MARS
|
| 999 |
f |
f |
|s 0b12b335-2ac2-3f10-b722-771ede0020a1
|i a0242bde-afa9-33f0-abc5-34feb45f78f7
|t 0
|
| 952 |
f |
f |
|p ric
|a Texas A&M University
|b Rellis Campus
|c Joint Library Facility
|d Remote Storage
|t 0
|e PQ6391 .A1 1983
|h Library of Congress classification
|i unmediated -- volume
|m A14819542707
|
| 998 |
f |
f |
|a PQ6391 .A1 1983
|t 0
|l Remote Storage
|